书目信息 |
| 题名: |
报头题花图案集锦
|
|
| 作者: | 方大才 编绘 | |
| 分册: | ||
| 出版信息: | 北京 文化艺术出版社 1983 |
|
| 页数: | 126页 | |
| 开本: | 19cm | |
| 丛书名: | ||
| 单 册: | ||
| 中图分类: | J228.1 | |
| 科图分类: | ||
| 主题词: | 报刊-图案--中国--现代 , 图案-报刊--中国--现代 , 绘画--中国 | |
| 电子资源: | ||
| ISBN: | ||
| 000 | 00671nam0 2200253 45 | |
| 001 | 0183003826 | |
| 005 | 20061115143327.89 | |
| 010 | @dCNY0.40 | |
| 091 | @aCN@b8228.051 | |
| 100 | @a19951009d1983 em y0chiy0121 ea | |
| 101 | 0 | @achi |
| 102 | @aCN@b110000 | |
| 105 | @af z 000yy | |
| 200 | 10 | @a报头题花图案集锦@Abao tou ti hua tu an ji jin@f方大才编绘 |
| 210 | @a北京@c文化艺术出版社@d1983 | |
| 215 | @a126页@d19cm | |
| 606 | @a报刊-图案@y中国@z现代 | |
| 606 | @a图案-报刊@y中国@z现代 | |
| 606 | 0 | @a绘画@x中国 |
| 690 | @aJ228.1@v3 | |
| 701 | 0 | @a方大才@Afang da cai@4编绘 |
| 801 | 2 | @aCN@bNLC@c20061115 |
| 801 | 0 | @aCN@bTSSF |
| 905 | @a10447@dJ228.1@e75 | |
| 报头题花图案集锦/方大才编绘.-北京:文化艺术出版社,1983 |
| 126页;19cm |
| ISBN :CNY0.40 |
| ● |
| 相关链接 |
|
|
|
|
正题名:报头题花图案集锦
索取号:J228.1/75
 
预约/预借
| 序号 | 登录号 | 条形码 | 馆藏地/架位号 | 状态 | 备注 |
| 1 | 0093228 | 001651803 | 第一样本阅览室/ [索取号:J228.1/75] | 在馆 |